Local organizations in decentralized development: their functions and performance in India

Gespeichert in:
Bibliographische Detailangaben
1. Verfasser: Alsop, Ruth
Weitere Verfasser: Kurey, Bryan
Format: Buch
Sprache:Englisch
Veröffentlicht: Washington, D.C. <The> World Bank 2005
Schriftenreihe:Directions in development
Schlagworte:
Tags: Tag hinzufügen
Keine Tags, Fügen Sie das erste Tag hinzu!

MARC

LEADER 00000nam$a2200000$$$4500
001 0040220
005 20240306135250.4
020 |a 0-8213-6312-3 
041 0 |a eng 
044 |a US 
245 1 0 |a Local organizations in decentralized development: their functions and performance in India  |c Ruth Alsop, Bryan Kurey 
264 1 |a Washington, D.C.  |b <The> World Bank  |c 2005 
300 |a 167 s. 
490 1 |a Directions in development 
830 0 |a Directions in development 
610 2 0 |a organizácie 
610 2 0 |a správa miestna 
610 2 0 |a decentralizácia 
610 2 0 |a organizácie projekčné 
610 2 0 |a sektor súkromný 
610 2 0 |a organizácie nevládne 
610 2 0 |a organizácie neziskové 
610 2 0 |a výskum 
610 2 0 |a spolupráca medzinárodná 
610 2 0 |a správa verejná 
610 2 0 |a riadenie 
610 2 0 |a manažment 
610 2 0 |a aktivita spoločenská 
610 2 0 |a sektor verejný 
610 2 0 |a sektor terciárny 
100 1 |a Alsop, Ruth 
700 1 |a Kurey, Bryan